Estatísticas para Países onde melhor se fala inglês

Clique aqui para jogar o quiz

Estatísticas Gerais

  • Esse quiz foi jogado 20 vezes
  • A pontuação média é 7 de 10

Estatísticas das Respostas

HintResposta% Correto
4.Suécia
100%
5.Noruega
89%
8.Alemanha
84%
9.Bélgica
79%
3.Finlândia
79%
1.Países Baixos
79%
2.Dinamarca
74%
7.Portugal
68%
6.Áustria
58%
10.Singapura
32%

Distribuição das Pontuações

Percentil de Números Respondidos

Porcentagem de Pessoas com Cada Pontuação

Sua Pontuação Histórica

Você não jogou esse quiz